| 000 | 00417nam a2200181Ia 4500 | ||
|---|---|---|---|
| 001 | 13958 | ||
| 005 | 20260306164839.0 | ||
| 008 | 260306t1997||||xx |||||||||||||| ||spa|| | ||
| 041 | _aESP | ||
| 082 |
_a005.74 _bH21 |
||
| 100 |
_aHamsem, Gary W. _eAUT |
||
| 245 | 0 | _aDiseño y administración de bases de datos | |
| 260 | _c1997 | ||
| 300 |
_a _c |
||
| 650 | _aGEN | ||
| 654 | _aCCC | ||
| 942 |
_cLIB _dJUS _fJUS _2ddc _n |
||
| 999 |
_c13958 _d13958 |
||